000 00896nam a2200313 a 4500
001 000115985
003 CHAP
005 20220329144556.0
008 190826s2001 mx |r| ||||f|spa d
010 _a112446
011 _a113418
020 _a9700512975
040 _cCHAP
082 0 4 _a869.4
_bC67
100 1 _aCoelho, Paulo.
_9136682
245 1 3 _aEl demonio y la señorita Prym /
_cpor Paulo Coelho.
260 _aMéxico, D.F. :
_bGrijalbo,
_c2001.
300 _a207 p.
490 _aBiblioteca Paulo Coelho
534 _pTit. original :
_tO Demónio e a Srta. Prym
590 _aBATCH-UPD
_b05
_c20190826
_lUCH01
_h1235
590 _aE11695DGD
_b10
_c20190827
_lUCH01
_h1109
590 _aE5765TAJ
_b05
_c20190826
_lUCH01
_h1234
650 1 4 _aNovela brasileña
_ySiglo XX.
_9136683
830 0 _aBiblioteca Paulo Coelho
_9136684
901 _aBK
942 _cLIBRO
942 _n0
999 _c112446
_d112446